000 01319nam a22002297a 4500
999 _c58566
_d58566
003 Ge_BSU
005 20250530112108.0
008 220603s2020 ge ||||| |||| 00| 0 geo d
020 _a9789941973932
041 _ageo
080 _a1(430)+165 რ-25
100 _aრასელი, ბერტრან
_913977
245 _aფილოსოფიის პრობლემები /
_c ბერტრან რასელი; ინგლისურიდან თარგმნა მარინე ამბიკაძემ ; რედაქტორი მიხეილ ბეჟანიშვილი; მხატვარი ვასილ ნასიბოვი.
264 _aთბილისი :
_bCarpe diem,
_c2020.
300 _a196 გვ. ;
_b20 სმ.
500 _aწიგნში მთარგმნელის გვარი ამბიკაძე შეცდომითაა მითითებული.
653 _aინგლისური ფილოსოფია.
653 _aშემეცნების თეორია.
700 _aამბოკაძე, მარინა
_eმთარგმნელი
_913978
700 _aნასიბოვი, ვასილ
_eმხატვარი
_95472
942 _2udc
_cBK